000 00555nam a2200181 i 4500
001 23171
003 ES-MaACL
005 20230906152827.0
007 t|
008 021209s1972 sp ||||1| spa d
100 1 _aAlonso, Eduardo.
_920198
245 1 0 _aLenguaje, expresión literaria y lingüística del español /
_cEduardo Alonso, Arcadio López-Casanova.
250 _a[3ª ed.].
260 _aValencia :
_bBello,
_c[1972]
300 _aIV, 296 p. ;
_c22 cm.
700 1 _aLópez-Casanova, Arcadio.
_973496
852 _aES-MaACL
_jC-45718
_bR.83747
999 _c23171
_d23171